Sme pripravení na zmenu?

Stručný historický pohľad na vývoj výroby. Vznik nových nástrojov prispôsobujúcich systém riadenia a optimalizácie požiadavkám zákazníka. Nové metódy riadenia a optimalizácie výroby. Quick Response Manufacturing (QRM).

Enregistré dans:
Détails bibliographiques
Auteur principal: Kozok, Martin
Format: Chapitre de livre
Langue:slovaque
Sujets:
Tags: Ajouter un tag
Pas de tags, Soyez le premier à ajouter un tag!

MARC

LEADER 00000naa a2200000 4500
001 0248670
005 20231208115254.8
041 0 |a slo 
044 |a SK 
245 1 0 |a Sme pripravení na zmenu?  |c Martin Kozok 
520 |a Stručný historický pohľad na vývoj výroby. Vznik nových nástrojov prispôsobujúcich systém riadenia a optimalizácie požiadavkám zákazníka. Nové metódy riadenia a optimalizácie výroby. Quick Response Manufacturing (QRM). 
610 2 0 |a riadenie výroby 
610 2 0 |a procesy podnikové 
610 2 0 |a optimalizácia 
610 2 0 |a riadenie projektové 
100 1 |a Kozok, Martin